Quizzes
Events
Quiz Creation
Community
Videos
Private Events
Remove Ads
Sign In
Join for FREE
Feedback
Dark Mode
Quiz Categories
Sports
Geography
Music
Movies
Television
Just For Fun
Miscellaneous
History
Literature
Language
Science
Gaming
Entertainment
Religion
Holiday
For Kids
Quiz Lab
Recent
Popular Today
Quiz Kudos Today
Editor Picks
Curator Picks
Quizzes by...
Day
Popularity
Type
Ratings
Length
Year
Community
Subscriptions
Recent Discussions
Orange Saloon
Badges
Playlists
Quests
Create
Leaderboards
Showdown
Live 5
Trivia Bingo
Activity
Puzzle Library
Sporcle Events
Private Events
Virtual Trivia
Globe League
Become a Host
Pub Owners
SporcleCon
Opinionation
Our Games
Videos
Blog
Mobile Apps
Partnerships
Remove Ads and Go Orange
Feedback
Just For Fun
Clickable
Get the Picture
Humor
Quick Pick
Word Ladder
Missing Word
Mixed Word
Blitz
Minefield
This or That
Alphabet
Color
Typing
Sporcle
Puzzle
Word Play
Follow That Line
Logic
Just For Fun
Clickable
Get the Picture
Humor
Quick Pick
Word Ladder
Missing Word
Mixed Word
Blitz
Minefield
This or That
Alphabet
Color
Typing
Sporcle
Puzzle
Word Play
Follow That Line
Logic
Random Quiz
Search Sporcle
×
Quiz Lab
Quiz Lab
Just For Fun
One Tree Hill
Type in answers that appear in a list
Type in answers that appear in a list
Classic
Best Score? Go Orange.
One Tree Hill Couples Stats
Can you name the One Tree Hill Couples
By
ncronin6
10m
44 Questions
655 Plays
655 Plays
655 Plays
Comments
Comments
Give Quiz Kudos
Give Quiz Kudos
-
- Ratings
hide this ad
Replay
Link that replays current quiz
Next Quiz
Link to next quiz in quiz playlist
You Got
0%
They Got
Avg Score
46%
Avg Friend Score
Upgrade to see
Score Distribution
Jump to the score distribution portion of the page
Score
0/44
Timer
10:00
0
Plays Today
Hint
Answer
% Correct
Nathan and Haley
97.1%
Lucas and Peyton
92.8%
Lucas and Brooke
85.2%
Dan and Deb
78%
Julian and Brooke
77.6%
Nathan and Peyton
76.3%
Keith and Karen
73.1%
Mouth and Millicent
67.9%
Dan and Karen
67.8%
Clay and Quinn
66.4%
Chase and Mia
64.7%
Dan and Rachel
60.5%
Chase and Alex
60.3%
Lucas and Anna
60%
Chase and Brooke
59.8%
Jake and Peyton
59.4%
Felix and Brooke
58.6%
Skills and Bevin
58.3%
Skills and Lauren
53.9%
Andy and Karen
53.6%
Julian and Peyton
52.5%
Owen and Brooke
49.9%
Hint
Answer
% Correct
David and Quinn
45.5%
Mouth and Gigi
45.3%
Clay and Sara
45.2%
Lucas and Lindsay
41.7%
Cooper and Rachel
36.2%
Tim and Bevin
35.3%
Mouth and Erica
34.7%
David and Taylor
32.8%
Mouth and Shelley
30.2%
Jamie and Madison
26.4%
Keith and Emily
26.3%
Chris and Tara
24.4%
David and Lauren
23.1%
Jake and Nikki
21.2%
Mouth and Lauren
20.8%
Larry and Karen
20%
Whitey and Camilla
15.6%
Ted and Victoria
12.4%
Grubbs and Miranda
9.2%
James and Lydia
7.3%
Mick and Ellie
5%
Jake and Sam
2%
Quiz Playlist
Details
Report
Send in Message
Add To Playlist
Classic:
Type in answers that appear in a list
Last Updated: Feb 16, 2017
Quiz Scoreboard
CHALLENGE
Sign Up to Join the Scoreboard
Show All
Scores
Hide
Comments
May contain spoilers
Recently Published
Movies - When Are They Set?
by FPL_Elf
Movies
5m
Popular People in 1961
by mucciniale
History
6m
1-10 Letter E Words III
by El_Dandy
Language
2m
More to Explore
Quiz From the Vault
Featured Blog Post
Where Did the Easter Bunny Come From?
hide this ad
You Might Also Like...
Tags
One Tree Hill
Today's Top Quizzes in Just For Fun
Browse Just For Fun
hide this ad
Today's Top Quizzes in One Tree Hill
Browse One Tree Hill
Top Contributed Quizzes in Just For Fun
1
Harry Potter Logic - 'In Chains' II
2
Crossword Whiteout! 49
3
Survivor Winners Logic Puzzle
4
1-30 Clickable Mines
5
Harry Potter Logic Puzzle
6
one piece logic puzzle
7
Thermometer Puzzle 25
8
Zeroing In: Just For Fun
9
Word Ladder: Ahoy Matey
10
Aquarium Logic Puzzle 17
Explore More
Trending Topics
Disney
Harry Potter
Kpop
NBA
Marvel
Crossword
Anime
Country
Song
The Office
NFL
WWE
Soccer
Puzzle
Pokémon
hide this ad
More By:
ncronin6
Quiz
Plays
Rating
Category
Featured
Created
One Tree Hill Couples
655
Just For Fun
Sep 30, 2013
One Tree Hill All Characters
595
Just For Fun
Sep 30, 2013
Go to Creator's Profile
Score Distribution
Quiz Creator Spotlight
ncronin6
Follow
Send a Message
Quizzes Created
-
Created Quiz Play Count
-
More By This Creator
Popular Quizzes Today
1
Find the Countries of Europe - No Outlines Minefield
2
Find the US States - No Outlines Minefield
3
The Countries of the World
4
Popular People in 1961
5
1-10 Letter E Words III
6
US States
7
Find the US States
8
One Thing in Common: World Cities II
More Just For Fun Quizzes
Missing Word: Cher Movies
Published
Trending Quizzes
Risky Map Clicking: Least Populous States A-Z
Humor Books: The Subtitles
1-10 Letter F Words
1-10 Letter G Words
One Thing in Common: United Kingdom
Recently Updated
Leaping Animals
pecheneg
Reality TV Shows (A-Z)
bhenderson79
Rickey Henderson's Hall of Fame Teammates
pecheneg
Champions League XIs: Arsenal
pecheneg
Quick Pick: Celebrities in WWE's Hall of Fame
aduchscher
A-Z Keypad Blitz II
pecheneg
Multiple Oscar Actors
pecheneg
Mystery Phrase Blitz: Oscar 'Best Actors'
pecheneg
F. Scott Fitzgerald Novels
LTH
Pick 3 Villains
ddd62291
Trending Topics
NBA
Disney
Harry Potter
Kpop
Crossword
Anime
Marvel
Country
WWE
NFL
Soccer
Puzzle
Song
Pokémon
The Office
Your Account Isn't Verified!
In order to create a playlist on Sporcle, you need to verify the email address you used during registration. Go to your
Sporcle Settings
to finish the process.
Report this User
Report this user for behavior that violates our
Community Guidelines
.
Details:
Send Report
Go to the Sporcle.com Mobile Site →
Comments